Every 100,000+ City in Uganda in Order - Statistics

General Stats
  • This quiz has been taken 15 times
    5 since last reset
  • The average score is 14 of 34
Answer Stats
Letter Population City % Correct
K 4,319,096 Kampala
100%
G 303,950 Gulu
67%
J 416,066 Jinja
67%
K 783,580 Kira
67%
M 310,804 Mbarara
67%
N 627,135 Nansana
67%
W 363,446 Wakiso
67%
A 274,063 Arua
33%
B 109,355 Bugiri
33%
B 125,110 Buloba
33%
B 159,944 Busia
33%
B 103,804 Bwera
33%
B 126,755 Bweyogerere
33%
E 204,362 Entebbe
33%
G 108,565 Gayaza
33%
H 130,193 Hoima
33%
I 170,079 Iganga
33%
K 160,517 Kasangati
33%
K 137,105 Kasese
33%
K 208,800 Kireka
33%
K 110,782 Kitgum
33%
K 140,460 Koboko
33%
K 113,889 Kyengera
33%
L 216,070 Lira
33%
M 239,073 Masaka
33%
M 186,398 Matugga
33%
M 283,106 Mbale
33%
M 116,714 Mityana
33%
M 103,027 Mubende
33%
M 295,419 Mukono
33%
N 171,405 Njeru
33%
S 180,098 Seeta
33%
S 105,202 Soroti
33%
W 102,600 Wampeewo
33%
No matching quizzes found
Score Distribution
Percent of People with Each Score
Percentile by Number Answered
Your Score History
You have not taken this quiz since the last reset